La pobreza: en el encuentro del ordenamiento territorial y la lucha contra la desertificación (Registro nro. 34647)

Detalles MARC
000 -LEADER
fixed length control field 00537 a2200157 4500
001 - CONTROL NUMBER
control field ART_45077
005 - DATE AND TIME OF LATEST TRANSACTION
control field 20260410162038.0
008 - FIXED-LENGTH DATA ELEMENTS--GENERAL INFORMATION
fixed length control field 260409a
100 1# - MAIN ENTRY--PERSONAL NAME
Personal name Abraham, Elena
245 10 - TITLE STATEMENT
Title La pobreza: en el encuentro del ordenamiento territorial y la lucha contra la desertificación
700 1# - ADDED ENTRY--PERSONAL NAME
Personal name Laurelli, Elsa
700 1# - ADDED ENTRY--PERSONAL NAME
Personal name Montaña, Elma
700 1# - ADDED ENTRY--PERSONAL NAME
Personal name Pastor, Gabriela
700 1# - ADDED ENTRY--PERSONAL NAME
Personal name Torres, Laura María
773 0# - HOST ITEM ENTRY
Title Revista de estudios regionales y mercado de trabajo
Related parts - N° 3 (ene./dic. 2007)
Record control number REV44894

No hay ítems disponibles.